Villes de Chine - Carte Quiz - Statistiques

Statistiques générales
  • Ce quiz a été pris 5 784 fois
    5 782 depuis la dernière actualisation
  • Le résultat moyen est 7 sur 14
Réponses sur la Carte
Les réponses sont colorées sur une échelle allant du rouge au vert en fonction du pourcentage des utilisateurs qui les ont devinées à leur premier essai. Vous pouvez retrouver ces pourcentages ci-dessous.
 
Statistiques - réponses
Réponse % Correct
Pékin
87%
Shanghai
83%
Hong Kong
69%
Guangzhou (Canton)
61%
Ürümqi
54%
Wuhan
49%
Lhasa
48%
Nanjing (Nankin)
40%
Xi'an
38%
Chengdu
36%
Chongqing
36%
Harbin
36%
Shenyang
27%
Xiamen
23%
Aucun quiz correspondant
Distribution des résultats
% des personnes avec chaque résultat
Percentile par nombre de réponses
Votre historique - résultats
Vous n’avez pas pris ce quiz depuis la dernière actualisation